[Event "XV Open Nicolo' La Rosa"]
[Site "Mazara del Vallo ITA"]
[Date "2007.08.11"]
[Round "4"]
[White "Fiducioso, Marco"]
[Black "Palazzotto, Roberto"]
[Result "1-0"]
[WhiteElo "2019"]
[BlackElo "1725"]
[PlyCount "71"]
[EventDate "2007.08.10"]

1. e4 e5 2. Nf3 Nc6 3. d4 exd4 4. Nxd4 Nf6 5. Nxc6 bxc6 6. e5 Nd5 7. c4 Nb6 8.
Nc3 Bb4 9. Qg4 Bf8 10. Bg5 d6 11. Qg3 Be7 12. Be3 dxe5 13. Rd1 Bd7 14. Qxe5 O-O
15. Bd3 Bf6 16. Qe4 g6 17. Qf3 Bxc3+ 18. bxc3 Qh4 19. O-O Bg4 20. Qf4 g5 21.
Qf6 Nd7 22. Qxc6 Bxd1 23. Rxd1 Ne5 24. Qxc7 Nxd3 25. Rxd3 Rfe8 26. h3 Qe4 27.
Rd6 Qb1+ 28. Kh2 Qb8 29. Qc6 Rd8 30. c5 Qc8 31. Qd5 h6 32. Bd4 Rxd6 33. cxd6
Qe8 34. d7 Qf8 35. Bf6 Qb8+ 36. g3 1-0

[Event "XV Open Nicolo' La Rosa"]
[Site "Mazara del Vallo ITA"]
[Date "2007.08.11"]
[Round "4"]
[White "Fiorella, Loreto"]
[Black "Lo Duca, Francesco"]
[Result "1-0"]
[WhiteElo "1529"]
[BlackElo "1467"]
[PlyCount "49"]
[EventDate "2007.08.10"]

1. f4 e6 2. Nf3 Nf6 3. e3 g6 4. b3 Bg7 5. Bb2 O-O 6. Bd3 d5 7. O-O Nc6 8. a3 a5
9. Nc3 Ng4 10. Qe1 e5 11. e4 Be6 12. f5 d4 13. fxe6 dxc3 14. exf7+ Rxf7 15.
Bxc3 a4 16. Bc4 Qe7 17. Bxf7+ Qxf7 18. Nxe5 Qe6 19. Nxg4 Bxc3 20. Nh6+ Kg7 21.
Rf7+ Kh8 22. dxc3 Qe5 23. Qf1 Qc5+ 24. Kh1 b6 25. Qf6# 1-0

[Event "XV Open Nicolo' La Rosa"]
[Site "Mazara del Vallo ITA"]
[Date "2007.08.11"]
[Round "4"]
[White "Imburgia, Giuseppe"]
[Black "Croci, Roberto"]
[Result "1-0"]
[WhiteElo "1557"]
[BlackElo "1562"]
[PlyCount "73"]
[EventDate "2007.08.10"]

1. e4 c5 2. Nf3 d6 3. d4 Nc6 4. dxc5 Qa5+ 5. Nc3 dxc5 6. Bd2 e6 7. Bb5 Bd7 8.
O-O g6 9. Bxc6 Bxc6 10. Ne2 Qb6 11. Bc3 f6 12. Ng3 Rd8 13. Qe1 e5 14. Ba5 Qa6
15. Bxd8 Bb5 16. Qd2 Bxf1 17. Rxf1 b6 18. Rd1 Qc8 19. Qd5 h5 20. Nxe5 fxe5 21.
Qxe5+ Kf7 22. Qxh8 Bg7 23. Qh7 Qg4 24. f3 Qe6 25. f4 Qg4 26. Rd2 Kf8 27. Bg5
Bd4+ 28. Kf1 Qe6 29. c3 Bf6 30. Bxf6 Qxf6 31. Qc7 Ne7 32. Qe5 Qc6 33. Rd8+ Kf7
34. f5 Qb5+ 35. Ne2 gxf5 36. exf5 Qc4 37. Qe6+ 1-0

[Event "XV Open Nicolo' La Rosa"]
[Site "Mazara del Vallo ITA"]
[Date "2007.08.11"]
[Round "4"]
[White "La Bella, Roberto"]
[Black "Napoli, Nicolo'"]
[Result "0-1"]
[WhiteElo "2075"]
[BlackElo "2277"]
[PlyCount "94"]
[EventDate "2007.08.10"]

1. e4 g6 2. d4 Bg7 3. c3 d5 4. e5 c5 5. Bd3 Nc6 6. Be3 Nh6 7. Ne2 Ng4 8. Nf4
O-O 9. Nd2 Kh8 10. O-O f6 11. h3 fxe5 12. Nxg6+ hxg6 13. Bxg6 Qd6 14. Bc2 exd4
15. hxg4 dxe3 16. fxe3 Ne5 17. Rxf8+ Bxf8 18. g5 Ng4 19. Nf1 e5 20. c4 e4 21.
Qe1 Be7 22. Qh4+ Kg7 23. Bd1 Ne5 24. Ng3 Qg6 25. Nh5+ Kg8 26. Nf6+ Bxf6 27.
gxf6 Nf3+ 28. Bxf3 exf3 29. g3 Be6 30. Kf2 dxc4 31. Rh1 Kf7 32. Qf4 Rd8 33. e4
Rd4 34. Rh4 b5 35. Kxf3 b4 36. Qc7+ Rd7 37. Qf4 c3 38. bxc3 bxc3 39. Rh6 Bg4+
40. Kf2 Qg8 41. e5 Rd2+ 42. Ke1 Rd4 43. Qe3 c2 44. Qb3+ Be6 45. Qxc2 Qxg3+ 46.
Kf1 Rd1+ 47. Qxd1 Bc4+ 0-1

[Event "XV Open Nicolo' La Rosa"]
[Site "Mazara del Vallo ITA"]
[Date "2007.08.11"]
[Round "4"]
[White "Marturana, Daniele"]
[Black "Cassia, Giuseppe"]
[Result "1-0"]
[WhiteElo "1491"]
[BlackElo "1484"]
[PlyCount "97"]
[EventDate "2007.08.10"]

1. d4 d5 2. Bf4 Nc6 3. Nf3 Bf5 4. c3 Nf6 5. Nbd2 e6 6. e3 Bd6 7. Bxd6 Qxd6 8.
Be2 O-O 9. Nh4 Bg6 10. Nxg6 fxg6 11. O-O e5 12. Qb3 exd4 13. cxd4 Kh8 14. Rac1
Rab8 15. Qc2 Rbc8 16. Qc5 Qxc5 17. Rxc5 Ne7 18. Bd3 c6 19. b4 b6 20. Rc3 Nd7
21. Rfc1 Rf6 22. Nb3 Rcf8 23. R1c2 g5 24. a4 h5 25. b5 Nb8 26. e4 dxe4 27. Bxe4
cxb5 28. axb5 Re6 29. Nd2 Nd7 30. h3 Nf6 31. Re3 Nfd5 32. Bxd5 Rxe3 33. fxe3
Nxd5 34. e4 Nf6 35. Rc7 Re8 36. e5 Nd5 37. Rxa7 Nc3 38. Nb3 Nxb5 39. Rb7 Re6
40. Kf2 Nc3 41. Ke3 Nd5+ 42. Ke4 Nf4 43. d5 Re8 44. d6 Kg8 45. d7 Rd8 46. Nd4
g6 47. Nc6 Ne6 48. Nxd8 Nxd8 49. Rb8 1-0

[Event "XV Open Nicolo' La Rosa"]
[Site "Mazara del Vallo ITA"]
[Date "2007.08.11"]
[Round "4"]
[White "Melia, Lorenzo"]
[Black "Roberti, Ignazio"]
[Result "0-1"]
[WhiteElo "1736"]
[BlackElo "1960"]
[PlyCount "40"]
[EventDate "2007.08.10"]

1. e4 c5 2. Nf3 Nf6 3. Nc3 d5 4. Bb5+ Bd7 5. d3 Bxb5 6. Nxb5 Qa5+ 7. Nc3 d4 8.
Bd2 dxc3 9. Bxc3 Qb6 10. Qd2 Nc6 11. O-O-O O-O-O 12. Ng5 Rg8 13. Nxf7 Nxe4 14.
Qe3 Nxc3 15. Qe6+ Rd7 16. bxc3 g6 17. Ng5 Rh8 18. Nf7 Bg7 19. Kd2 Bxc3+ 20. Ke2
Nd4+ 0-1

[Event "XV Open Nicolo' La Rosa"]
[Site "Mazara del Vallo ITA"]
[Date "2007.08.11"]
[Round "4"]
[White "Meo, Antonino"]
[Black "La Spada, Giorgia"]
[Result "1/2-1/2"]
[WhiteElo "1434"]
[BlackElo "1440"]
[PlyCount "96"]
[EventDate "2007.08.10"]

1. e4 e5 2. Nf3 Nc6 3. Bb5 Nb4 4. Nc3 Nf6 5. d3 a6 6. Ba4 Bc5 7. O-O O-O 8.
Nxe5 d6 9. Nc4 Bg4 10. Ne2 b5 11. a3 bxc4 12. axb4 Bxb4 13. Bc6 Rb8 14. Rxa6 h6
15. c3 Bc5 16. b4 Bb6 17. Be3 cxd3 18. Qxd3 Qc8 19. f3 Bh5 20. Ng3 Bg6 21. f4
Bh7 22. b5 Bg6 23. Bxb6 cxb6 24. e5 Bxd3 25. Rd1 dxe5 26. fxe5 Ng4 27. Rxd3
Nxe5 28. Rd6 Nc4 29. Rd7 Qe8 30. Raa7 Qe1+ 31. Nf1 Rfe8 32. Rxf7 Kh8 33. Bxe8
Rxe8 34. Rxg7 Re3 35. Rh7+ Kg8 36. Rhg7+ Kh8 37. Rgf7 Re8 38. Rh7+ Kg8 39. Rxh6
Rf8 40. Rg6+ Kh8 41. h4 Ne3 42. h5 Qxf1+ 43. Kh2 Qxg2+ 44. Rxg2 Re8 45. Rd2
Ng4+ 46. Kg2 Rg8 47. Kh3 Nf6 48. c4 48... Nxh5 {...} 1/2-1/2

[Event "XV Open Nicolo' La Rosa"]
[Site "Mazara del Vallo ITA"]
[Date "2007.08.11"]
[Round "4"]
[White "Messina, Marco"]
[Black "Palazzotto, Giuseppe"]
[Result "1-0"]
[WhiteElo "2051"]
[BlackElo "1887"]
[PlyCount "57"]
[EventDate "2007.08.10"]

1. e4 c5 2. f4 Nc6 3. Nf3 d6 4. Bc4 e6 5. Nc3 g6 6. d3 Bg7 7. O-O Nge7 8. h3 h5
9. Qe1 a6 10. a4 Bd7 11. Be3 Qb6 12. Rb1 Nd4 13. Qf2 Nec6 14. f5 exf5 15. Nd5
Qa5 16. c3 Nxf3+ 17. Qxf3 Ne5 18. Qg3 f6 19. b4 Qd8 20. bxc5 Bc6 21. Rxf5 g5
22. Qf2 Nxc4 23. dxc4 Bxd5 24. Rxd5 Qd7 25. Rxd6 Qc8 26. Qd2 Rb8 27. Qd5 Rf8
28. Re6+ Kf7 29. Rc6+ 1-0

[Event "XV Open Nicolo' La Rosa"]
[Site "Mazara del Vallo ITA"]
[Date "2007.08.11"]
[Round "4"]
[White "Mondello, Simone"]
[Black "La Bella, Massimiliano"]
[Result "1-0"]
[WhiteElo "1641"]
[BlackElo "1826"]
[PlyCount "115"]
[EventDate "2007.08.10"]

1. e4 Nc6 2. d4 d5 3. Nc3 Nf6 4. e5 Ng8 5. f4 Bf5 6. Nf3 Qd7 7. Bd3 O-O-O 8. a3
f6 9. Be3 Nh6 10. h3 e6 11. Qe2 Bxd3 12. Qxd3 Nf5 13. g4 Nxe3 14. Qxe3 fxe5 15.
Nxe5 Nxe5 16. fxe5 Be7 17. O-O-O Rdf8 18. Rdf1 h6 19. Qe2 c5 20. dxc5 Bxc5 21.
Rxf8+ Rxf8 22. Rf1 Qe7 23. Kb1 Rxf1+ 24. Qxf1 a6 25. Qf4 Qh4 26. b4 Qf2 27.
Qxf2 Bxf2 28. Ne2 Kd7 29. Nc1 Ke7 30. Nd3 Bd4 31. Kc1 g6 32. Kd1 g5 33. Kd2 Kd7
34. c3 Ba7 35. Kc2 b5 36. Kb3 Kc6 37. Kc2 d4 38. Ne1 Kd5 39. cxd4 Bxd4 40. Nd3
Bxe5 41. Nc5 Bd4 42. Nxa6 Kc6 43. Nb8+ Kc7 44. Na6+ Kb6 45. Nb8 Kc7 46. Na6+
Kb7 47. Kd3 e5 48. Nc5+ Bxc5 49. bxc5 Kc6 50. Ke4 Kxc5 51. Kxe5 Kc4 52. Kd6 Kb3
53. Kc5 Kxa3 54. Kxb5 Kb3 55. Kc5 Kc3 56. Kd5 Kd3 57. Ke5 Ke3 58. Kf5 1-0

[Event "XV Open Nicolo' La Rosa"]
[Site "Mazara del Vallo ITA"]
[Date "2007.08.11"]
[Round "4"]
[White "Montalto, Antonio"]
[Black "Piazza, Massimiliano"]
[Result "1/2-1/2"]
[WhiteElo "1814"]
[BlackElo "1428"]
[PlyCount "100"]
[EventDate "2007.08.10"]

1. e4 c5 2. Nf3 d6 3. Bb5+ Bd7 4. Bxd7+ Qxd7 5. d4 cxd4 6. Nxd4 Nf6 7. Nc3 a6
8. O-O g6 9. Be3 Bg7 10. f3 O-O 11. Qd2 b5 12. a3 Nc6 13. Nce2 Rac8 14. Nxc6
Qxc6 15. Nd4 Qc4 16. c3 Nd7 17. Rad1 Nc5 18. Kh1 Nb3 19. Nxb3 Qxb3 20. Rf2 Rc6
21. Bd4 Bxd4 22. Qxd4 Qc4 23. Rfd2 Rfc8 24. h3 Qxd4 25. Rxd4 Rc4 26. g3 Kf8 27.
Kg2 Ke8 28. Kf2 Kd7 29. e5 Rxd4 30. Rxd4 Ke6 31. exd6 exd6 32. Ke3 d5 33. g4 g5
34. f4 f6 35. Kd3 Rc4 36. fxg5 fxg5 37. b3 Rxd4+ 38. cxd4 a5 39. Kc3 Kd6 40.
Kd3 Ke6 41. Ke3 Kd6 42. Kf3 Ke6 43. Kg3 Kf6 44. h4 h6 45. hxg5+ hxg5 46. Kf3
Ke6 47. Ke3 Kd6 48. Kd3 Kc6 49. Kc3 Kd6 50. b4 a4 1/2-1/2

[Event "XV Open Nicolo' La Rosa"]
[Site "Mazara del Vallo ITA"]
[Date "2007.08.11"]
[Round "4"]
[White "Morello, Guido"]
[Black "Messina, Damiano"]
[Result "1-0"]
[WhiteElo "1752"]
[BlackElo "2033"]
[PlyCount "45"]
[EventDate "2007.08.10"]

1. e4 e5 2. d4 exd4 3. c3 dxc3 4. Bc4 d6 5. Nxc3 Nf6 6. e5 Qe7 7. Nf3 dxe5 8.
O-O Bg4 9. Bg5 Nbd7 10. Re1 O-O-O 11. Nd5 Qd6 12. Qb3 Bxf3 13. Qxf3 h6 14. Bh4
g5 15. Bg3 Bg7 16. Rad1 Qc6 17. Rc1 Nxd5 18. Bxd5 Qb6 19. Qxf7 Qf6 20. Bxe5
Qxf7 21. Rxc7+ Kb8 22. Rxb7+ Ka8 23. Rb8# 1-0

[Event "XV Open Nicolo' La Rosa"]
[Site "Mazara del Vallo ITA"]
[Date "2007.08.11"]
[Round "4"]
[White "Oddo, Salvatore"]
[Black "Riceputi, Vincenzo"]
[Result "0-1"]
[WhiteElo "1601"]
[BlackElo "1882"]
[PlyCount "60"]
[EventDate "2007.08.10"]

1. Nf3 Nf6 2. g3 c6 3. Bg2 d5 4. d3 Nbd7 5. O-O e5 6. Nbd2 Bd6 7. Re1 O-O 8. e4
d4 9. Nc4 Bc7 10. Bg5 h6 11. Bd2 b5 12. Na3 Bd6 13. b4 Qe7 14. Rb1 a5 15. Nh4
Nb8 16. Nf5 Bxf5 17. exf5 Ra7 18. f4 Qc7 19. fxe5 Bxe5 20. bxa5 Bd6 21. Rb3
Nbd7 22. Qc1 Ng4 23. Bf4 Ne3 24. Bxe3 dxe3 25. Rc3 Qxa5 26. Rxc6 Qxa3 27. Qxa3
Bxa3 28. Kf1 Bc5 29. Bd5 Re8 30. c3 Ne5 0-1

[Event "XV Open Nicolo' La Rosa"]
[Site "Mazara del Vallo ITA"]
[Date "2007.08.11"]
[Round "4"]
[White "Pipitone, Andrea"]
[Black "Colicchia, Michele"]
[Result "0-1"]
[WhiteElo "1254"]
[BlackElo "1496"]
[PlyCount "52"]
[EventDate "2007.08.10"]

1. e4 e5 2. d4 exd4 3. Qxd4 Nc6 4. Qc3 Nf6 5. Bg5 Bb4 6. Bb5 Bxc3+ 7. Nxc3 O-O
8. Nd5 a6 9. Nxf6+ gxf6 10. Bxc6 fxg5 11. Ba4 d5 12. Rd1 Be6 13. c4 c6 14. Bb3
Qa5+ 15. Rd2 dxe4 16. Ke2 Rad8 17. Rxd8 Rxd8 18. Nh3 Qd2+ 19. Kf1 Qc1+ 20. Ke2
Qxh1 21. Nxg5 Qxg2 22. Nxe6 fxe6 23. c5 Qf3+ 24. Ke1 Kf7 25. a4 Kg6 26. Bxe6
Rd1# 0-1

[Event "XV Open Nicolo' La Rosa"]
[Site "Mazara del Vallo ITA"]
[Date "2007.08.11"]
[Round "4"]
[White "Pipitone, Claudio"]
[Black "Marino, Davide"]
[Result "1-0"]
[WhiteElo "1646"]
[BlackElo "1583"]
[PlyCount "75"]
[EventDate "2007.08.10"]

1. e4 c5 2. Nf3 Nc6 3. d4 e6 4. c3 cxd4 5. Nxd4 Nf6 6. Bd3 Bc5 7. Bc2 O-O 8.
O-O d5 9. Be3 Bxd4 10. cxd4 dxe4 11. Nc3 Nd5 12. Nxe4 Nce7 13. Bg5 h6 14. Bh4
b6 15. a3 Bb7 16. Qd3 f5 17. Nd2 Nf4 18. Qe3 Nxg2 19. Qxe6+ Kh8 20. Bxe7 Re8
21. Bxd8 Rxe6 22. Bxf5 Rd6 23. Be4 Bxe4 24. Nxe4 Rg6 25. Ng3 Rxd8 26. Kxg2 Rxd4
27. Rad1 Rxd1 28. Rxd1 h5 29. Kf1 h4 30. Nh5 h3 31. Nf4 Rh6 32. Rd3 g5 33. Rxh3
Rxh3 34. Nxh3 Kg7 35. Nxg5 Kg6 36. Ne4 a5 37. b4 axb4 38. axb4 1-0

[Event "XV Open Nicolo' La Rosa"]
[Site "Mazara del Vallo ITA"]
[Date "2007.08.11"]
[Round "4"]
[White "Sant'Antonio, Giovanni"]
[Black "Profera, Bruno"]
[Result "0-1"]
[WhiteElo "1362"]
[BlackElo "1380"]
[PlyCount "98"]
[EventDate "2007.08.10"]

1. e4 e5 2. Nf3 Nc6 3. Bb5 d6 4. O-O Nf6 5. d3 a6 6. Ba4 Be7 7. Nc3 O-O 8. Be3
d5 9. exd5 Nxd5 10. Nxd5 Qxd5 11. Bb3 Qd6 12. h3 Bf5 13. Ng5 Nd8 14. Qf3 Qg6
15. h4 h5 16. Rad1 Bg4 17. Qg3 Bxd1 18. Rxd1 Bd6 19. Qf3 Be7 20. Bd5 c6 21. Be4
Qf6 22. Qxh5 Qh6 23. Qxh6 gxh6 24. Nf3 f5 25. Bxh6 fxe4 26. Nxe5 Re8 27. dxe4
Bxh4 28. Rd7 Rxe5 29. Rg7+ Kh8 30. Rg4 Bf6 31. Rf4 Bg5 32. Rf8+ Kh7 33. Bxg5
Rxg5 34. f4 Rg8 35. Rf6 Rg6 36. Rf5 Ne6 37. Kf2 Rag8 38. Rh5+ Rh6 39. Rf5 Nd4
40. Rf7+ Rg7 41. Rxg7+ Kxg7 42. c3 Ne6 43. f5 Nc5 44. Kf3 Kf6 45. g4 Ke5 46. g5
Rh8 47. Kg4 Nxe4 48. g6 Nf6+ 49. Kg5 Rh5# 0-1

[Event "XV Open Nicolo' La Rosa"]
[Site "Mazara del Vallo ITA"]
[Date "2007.08.11"]
[Round "4"]
[White "Sgarito, Carmelo"]
[Black "Ferrante, Filippo"]
[Result "1/2-1/2"]
[WhiteElo "1925"]
[BlackElo "1514"]
[PlyCount "91"]
[EventDate "2007.08.10"]

1. d4 e6 2. Nf3 d5 3. Bf4 Nf6 4. Nbd2 Nbd7 5. e3 Be7 6. h3 O-O 7. Be2 Re8 8.
O-O Nf8 9. Ne5 c6 10. c3 N6d7 11. Ndf3 f6 12. Nxd7 Qxd7 13. c4 Bd6 14. Bxd6
Qxd6 15. Qc2 Re7 16. Bd3 Bd7 17. a3 Be8 18. cxd5 exd5 19. Nh4 g6 20. Rac1 Rg7
21. Rfe1 Bd7 22. Qe2 Re8 23. Rc3 Ne6 24. Nf3 Nf4 25. Qf1 Nxd3 26. Rxd3 Re4 27.
Nd2 Rh4 28. e4 Re7 29. Rde3 Kf7 30. exd5 Rxe3 31. fxe3 cxd5 32. Qf2 Rh5 33. e4
Qc6 34. exd5 Qxd5 35. Qe3 Qe6 36. Qxe6+ Bxe6 37. Rc1 Rd5 38. Rc7+ Rd7 39. Rxd7+
Bxd7 40. Kf2 Ke6 41. Ke3 f5 42. Nc4 Bc6 43. g3 b5 44. Ne5 Kd5 45. b3 a5 46. Nd3
1/2-1/2

[Event "XV Open Nicolo' La Rosa"]
[Site "Mazara del Vallo ITA"]
[Date "2007.08.11"]
[Round "4"]
[White "Sgarito, Lino"]
[Black "Di Misa, Salvatore"]
[Result "0-1"]
[WhiteElo "1464"]
[BlackElo "1548"]
[PlyCount "82"]
[EventDate "2007.08.10"]

1. b4 d5 2. Bb2 e6 3. e3 Nf6 4. a3 a5 5. b5 c6 6. c4 Bd6 7. a4 O-O 8. Nf3 Nbd7
9. d3 Re8 10. Be2 Qc7 11. d4 c5 12. Nbd2 b6 13. Rc1 Qa7 14. Ne5 Bb7 15. Ndf3
Rac8 16. Qd3 cxd4 17. exd4 Qb8 18. O-O dxc4 19. Rxc4 Rxc4 20. Nxc4 Be4 21. Qd1
Bxf3 22. Bxf3 Bxh2+ 23. Kh1 Bc7 24. Bc6 Rd8 25. Re1 Nd5 26. Ne3 N7f6 27. Nc4
Nb4 28. Bf3 Nbd5 29. Qa1 Nb4 30. Qd1 Nfd5 31. Ne3 Nf4 32. Be4 Rd7 33. g3 Nfd5
34. Qb1 h6 35. Nxd5 Nxd5 36. Qa1 Bxg3 37. Bxd5 Rxd5 38. Rg1 Rh5+ 39. Kg2 Rh2+
40. Kf1 Rxf2+ 41. Ke1 Qf4 0-1

[Event "XV Open Nicolo' La Rosa"]
[Site "Mazara del Vallo ITA"]
[Date "2007.08.11"]
[Round "4"]
[White "Solinas, Vittorio"]
[Black "Salvato, Angela"]
[Result "1-0"]
[WhiteElo "1446"]
[BlackElo "1569"]
[PlyCount "49"]
[EventDate "2007.08.10"]

1. e4 e5 2. Nf3 Nc6 3. Nc3 Bc5 4. Bc4 d6 5. d3 Bg4 6. Be3 Bxe3 7. fxe3 Nf6 8.
h3 Bh5 9. O-O Qd7 10. Nd5 O-O-O 11. Bb5 Ng4 12. Bxc6 Qxc6 13. Ne7+ Kd7 14. Nxc6
Kxc6 15. hxg4 Bxg4 16. Nxe5+ dxe5 17. Qxg4 g6 18. Rxf7 h5 19. Qxg6+ Rd6 20. Qg7
Rhd8 21. Rxc7+ Kb6 22. Rxb7+ Ka6 23. Rxa7+ Kb6 24. Qb7+ Kc5 25. Ra5# 1-0

[Event "XV Open Nicolo' La Rosa"]
[Site "Mazara del Vallo ITA"]
[Date "2007.08.12"]
[Round "5"]
[White "Alcide, Fabio"]
[Black "Castelli, Giovanni J."]
[Result "1-0"]
[WhiteElo "1595"]
[BlackElo "1476"]
[PlyCount "125"]
[EventDate "2007.08.10"]

1. e4 e5 2. Nf3 Nc6 3. d4 exd4 4. Nxd4 Bc5 5. Nxc6 bxc6 6. Nd2 Qf6 7. Nf3 Ne7
8. Bc4 Qg6 9. Qe2 O-O 10. Nh4 Qf6 11. g3 Re8 12. Qf3 Qxf3 13. Nxf3 d5 14. exd5
Nxd5+ 15. Kf1 Bh3+ 16. Kg1 Bg4 17. Kg2 Nb4 18. c3 Nd5 19. Bd2 Nb6 20. Ba6 Rad8
21. Bf4 Nd5 22. Bd2 Bf5 23. Nd4 Nf6 24. Be3 Be4+ 25. f3 Bd5 26. Bg5 Bxd4 27.
cxd4 Rd6 28. Bf4 Rde6 29. Bxc7 c5 30. dxc5 Rxa6 31. Kf2 Rxa2 32. Rxa2 Bxa2 33.
Ra1 Rc8 34. Bd6 Bd5 35. Rxa7 Ne8 36. Be7 Nc7 37. b4 Nb5 38. Rd7 Bc6 39. Rd8+
Rxd8 40. Bxd8 Kf8 41. Bb6 Ke7 42. Ke3 Ke6 43. f4 Kd5 44. Kd3 f5 45. Ba5 Ke6 46.
Kc4 Kf6 47. Bd8+ Kg6 48. Kd3 Kh5 49. Ke3 Kg4 50. Kf2 Kh3 51. Kg1 Nd4 52. Be7
Nf3+ 53. Kf2 Kxh2 54. b5 Bxb5 55. Kxf3 Kh3 56. Bh4 Bc6+ 57. Ke3 Kg4 58. Kd4 Be4
59. Ke5 Kh5 60. Kd6 Kg6 61. c6 Bxc6 62. Kxc6 h5 63. Kd6 {...} 1-0

[Event "XV Open Nicolo' La Rosa"]
[Site "Mazara del Vallo ITA"]
[Date "2007.08.12"]
[Round "5"]
[White "Cerami, Gianvito"]
[Black "Fiorella, Loreto"]
[Result "0-1"]
[WhiteElo "1616"]
[BlackElo "1529"]
[PlyCount "80"]
[EventDate "2007.08.10"]

1. d4 Nf6 2. c4 e5 3. e3 d5 4. a3 Nc6 5. Nc3 Be6 6. b3 Bd6 7. c5 Be7 8. b4 e4
9. Bb5 Bd7 10. Nge2 O-O 11. Nf4 a6 12. Ba4 Be6 13. Bb2 Na7 14. Nxe6 fxe6 15.
Ne2 c6 16. Nf4 Qc8 17. O-O Nb5 18. Bc2 e5 19. Ne2 Ng4 20. Bb3 Qc7 21. Ng3 exd4
22. Qxg4 Kh8 23. Bxd4 Nxd4 24. exd4 Rf4 25. Qe2 Raf8 26. f3 Bf6 27. Rad1 e3 28.
Nh5 Rh4 29. g4 Bg5 30. Rd3 g6 31. Ng3 Bf4 32. Qg2 Re8 33. Qe2 Rh3 34. Qg2 Rh4
35. Bd1 h5 36. Be2 hxg4 37. fxg4 g5 38. Rxf4 Qxf4 39. Qh3 Qf2+ 40. Kh1 Rxh3 0-1

[Event "XV Open Nicolo' La Rosa"]
[Site "Mazara del Vallo ITA"]
[Date "2007.08.12"]
[Round "5"]
[White "Colicchia, Michele"]
[Black "Colicchia, Vincenzo"]
[Result "1/2-1/2"]
[WhiteElo "1496"]
[BlackElo "1835"]
[PlyCount "62"]
[EventDate "2007.08.10"]

1. e4 c5 2. Nf3 Nc6 3. Bb5 Qb6 4. Nc3 d6 5. b3 Bg4 6. O-O a6 7. Bxc6+ Qxc6 8.
h3 Bh5 9. Re1 Nf6 10. d3 h6 11. Bb2 e5 12. Re3 Be7 13. Qe1 O-O 14. Rd1 Nh7 15.
Rd2 Ng5 16. Nh4 Ne6 17. Nf3 Bxf3 18. Rxf3 Bg5 19. Rd1 Nd4 20. Rg3 Nxc2 21. Qe2
Nd4 22. Qe1 f5 23. Bc1 f4 24. Rg4 f3 25. Bxg5 hxg5 26. g3 Qd7 27. Qe3 Ne6 28.
h4 gxh4 29. Rxh4 Rf6 30. Nd5 Raf8 31. Nxf6+ Rxf6 1/2-1/2

[Event "XV Open Nicolo' La Rosa"]
[Site "Mazara del Vallo ITA"]
[Date "2007.08.12"]
[Round "5"]
[White "Croci, Roberto"]
[Black "Bonanno, Giuseppe"]
[Result "0-1"]
[WhiteElo "1562"]
[BlackElo "1569"]
[PlyCount "135"]
[EventDate "2007.08.10"]

1. d4 c6 2. e4 d5 3. Nc3 dxe4 4. Nxe4 Bf5 5. Ng3 Bg6 6. h4 h6 7. Nf3 Nd7 8. h5
Bh7 9. Bd3 Bxd3 10. Qxd3 Ngf6 11. Be3 e6 12. O-O Bd6 13. Ne4 Nxe4 14. Qxe4 Nf6
15. Qh4 O-O 16. c4 b6 17. g4 Be7 18. g5 Nh7 19. Qe4 Nxg5 20. Nxg5 Bxg5 21. f4
Bh4 22. Kh2 Kh8 23. Qxc6 Rc8 24. Qa4 Qc7 25. Rac1 Qb7 26. Qc2 Rc7 27. Bd2 Bf6
28. Be3 Rd8 29. Rcd1 Rcd7 30. f5 Bxd4 31. fxe6 Be5+ 32. Kg1 fxe6 33. Rxd7 Qxd7
34. b3 Bf6 35. Qe4 Qe7 36. Qg6 Rf8 37. Rc1 Be5 38. Rc2 Rf3 39. Qe4 Rg3+ 40. Rg2
Rxg2+ 41. Kxg2 Bd6 42. Qa8+ Kh7 43. Qe4+ Kg8 44. Kf3 Qf6+ 45. Ke2 Qb2+ 46. Kf3
Qf6+ 47. Ke2 Qf5 48. Qa8+ Kh7 49. Qxa7 Qxh5+ 50. Kd2 Qh2+ 51. Kd3 Bc7 52. c5
bxc5 53. Bxc5 Be5 54. a4 Qg3+ 55. Kc4 Qc3+ 56. Kb5 Qxb3+ 57. Ka5 Bc3+ 58. Ka6
Qxa4+ 59. Kb7 Qxa7+ 60. Bxa7 h5 61. Bf2 g5 62. Kc6 Kg6 63. Kd6 Kf5 64. Be1 h4
65. Bxc3 g4 66. Be5 g3 67. Bd4 g2 68. Be5 0-1

[Event "XV Open Nicolo' La Rosa"]
[Site "Mazara del Vallo ITA"]
[Date "2007.08.12"]
[Round "5"]
[White "Ferrante, Filippo"]
[Black "Bruno, Yama"]
[Result "0-1"]
[WhiteElo "1514"]
[BlackElo "1659"]
[PlyCount "124"]
[EventDate "2007.08.10"]

1. Nf3 f5 2. b3 Nf6 3. d4 g6 4. Bb2 Bg7 5. e3 e6 6. Bd3 O-O 7. Nbd2 b6 8. Qe2
Bb7 9. O-O-O a5 10. Ne5 d6 11. Nef3 a4 12. Kb1 axb3 13. cxb3 Nbd7 14. Rc1 c5
15. dxc5 bxc5 16. Rc2 Nd5 17. Bxg7 Kxg7 18. g3 Nb4 19. Rb2 Nxd3 20. Qxd3 Ne5
21. Qe2 Nxf3 22. Nxf3 Be4+ 23. Ka1 Ra3 24. Rd1 Qf6 25. Rd3 Rfa8 26. Kb1 Qc3 27.
Ne1 Bxd3+ 28. Nxd3 Qa5 29. Nc1 d5 30. Qd1 Rb8 31. f4 Qb4 32. Nd3 Qe4 33. Ka1
Qxe3 34. Qd2 Qd4 35. Kb1 c4 36. Nc1 Qxd2 37. Rxd2 cxb3 38. Nxb3 Rbxb3+ 39. axb3
Rxb3+ 40. Kc2 Re3 41. Kd1 Kf6 42. Rb2 h6 43. Rf2 g5 44. Kd2 Ra3 45. fxg5+ hxg5
46. Kc1 g4 47. Rb2 Rf3 48. Kd1 d4 49. Rd2 e5 50. Rb2 Ke6 51. Rb6+ Kd5 52. Rb2
Ke4 53. Re2+ Re3 54. Rf2 Rf3 55. Re2+ Kd5 56. Kd2 e4 57. Re1 Rf2+ 58. Kd1 e3
59. Rh1 Ke4 60. h3 gxh3 61. Rxh3 Kd3 62. Rh1 Ra2 0-1

[Event "XV Open Nicolo' La Rosa"]
[Site "Mazara del Vallo ITA"]
[Date "2007.08.12"]
[Round "5"]
[White "Iracani, Michele"]
[Black "La Bella, Roberto"]
[Result "0-1"]
[WhiteElo "1615"]
[BlackElo "2075"]
[PlyCount "36"]
[EventDate "2007.08.10"]

1. e4 e5 2. Bc4 Nf6 3. Nf3 Nc6 4. Ng5 Bc5 5. Nxf7 Bxf2+ 6. Kf1 Qe7 7. Nxh8 d5
8. exd5 Nd4 9. d6 cxd6 10. c3 Bg4 11. Qa4+ Bd7 12. Qd1 O-O-O 13. cxd4 Rf8 14.
h3 Ne4 15. Ke2 exd4 16. Kd3 d5 17. b3 dxc4+ 18. bxc4 Nc5+ 0-1

[Event "XV Open Nicolo' La Rosa"]
[Site "Mazara del Vallo ITA"]
[Date "2007.08.12"]
[Round "5"]
[White "La Bella, Alessio"]
[Black "Di Misa, Serafino"]
[Result "1/2-1/2"]
[WhiteElo "1452"]
[BlackElo "1491"]
[PlyCount "47"]
[EventDate "2007.08.10"]

1. e4 d5 2. exd5 Qxd5 3. Nc3 Qa5 4. Nf3 Nf6 5. Bc4 Bg4 6. d3 e6 7. O-O Bb4 8.
Bd2 Qh5 9. Nb5 Bd6 10. Nxd6+ cxd6 11. Bb4 Ke7 12. Re1 Nc6 13. Ba3 Nd4 14. Re3
Nxf3+ 15. gxf3 Bf5 16. f4 Ng4 17. Kf1 Qxh2 18. Rf3 Nxf2 19. Qe1 Ng4 20. Bxd6+
Kxd6 21. Qb4+ Kc7 22. Qc5+ Kd8 23. Qd6+ Kc8 24. Qc5+ 1/2-1/2

[Event "XV Open Nicolo' La Rosa"]
[Site "Mazara del Vallo ITA"]
[Date "2007.08.12"]
[Round "5"]
[White "La Bella, Massimiliano"]
[Black "Marturana, Daniele"]
[Result "1-0"]
[WhiteElo "1826"]
[BlackElo "1491"]
[PlyCount "67"]
[EventDate "2007.08.10"]

1. a3 d5 2. Nf3 Nf6 3. e3 Bf5 4. c4 e6 5. Nc3 c6 6. d4 a5 7. Qb3 Qc7 8. c5 Nbd7
9. Na4 Be7 10. Bd2 O-O 11. Bd3 Bxd3 12. Qxd3 Rfe8 13. O-O e5 14. dxe5 Nxe5 15.
Nxe5 Qxe5 16. Bc3 Qe4 17. Qd4 Qxd4 18. Bxd4 Ne4 19. Nb6 Rad8 20. b4 Nd2 21.
Rfd1 Nb3 22. Rab1 Nxd4 23. exd4 Bf6 24. bxa5 Re4 25. Rb4 Rde8 26. f3 Re1+ 27.
Rxe1 Rxe1+ 28. Kf2 Rd1 29. a6 bxa6 30. Nxd5 h6 31. Nxf6+ gxf6 32. Ra4 Kg7 33.
Ke2 Rg1 34. Rxa6 1-0

[Event "XV Open Nicolo' La Rosa"]
[Site "Mazara del Vallo ITA"]
[Date "2007.08.12"]
[Round "5"]
[White "Marino, Davide"]
[Black "Cerami, Giuseppe"]
[Result "0-1"]
[WhiteElo "1583"]
[BlackElo "1781"]
[PlyCount "30"]
[EventDate "2007.08.10"]

1. e4 e6 2. d4 d5 3. exd5 exd5 4. Nf3 Bd6 5. Nc3 Nf6 6. Bd3 O-O 7. O-O Bg4 8.
h3 Bh5 9. Re1 Nbd7 10. a3 c6 11. Be2 Qc7 12. g3 Bxg3 13. fxg3 Qxg3+ 14. Kh1
Qxh3+ 15. Kg1 Ng4 0-1